RICS Valuation - Professional Standards (Record no. 115463)

MARC details
000 -LEADER
fixed length control field 02125cad a22003255a 4500
001 - CONTROL NUMBER
control field L158701
008 - FIXED-LENGTH DATA ELEMENTS--GENERAL INFORMATION
fixed length control field 131031s2015 xxk f f 001 0 eng d
020 ## - INTERNATIONAL STANDARD BOOK NUMBER
International Standard Book Number 9781783211067
035 ## - SYSTEM CONTROL NUMBER
System control number (Sirsi) u158701
041 0# - LANGUAGE CODE
Language code of text/sound track or separate title eng
050 04 - LIBRARY OF CONGRESS CALL NUMBER
Classification number 333.332 $2 18
110 2# - MAIN ENTRY--CORPORATE NAME
Corporate name or jurisdiction name as entry element Royal Institution of Chartered Surveyors
9 (RLIN) 4900
240 00 - UNIFORM TITLE
Uniform title Red Book
245 00 - TITLE STATEMENT
Title RICS Valuation - Professional Standards
Remainder of title global
-- January 2014
Medium [electronic resource]
Statement of responsibility, etc. [archived]
260 ## - PUBLICATION, DISTRIBUTION, ETC.
Place of publication, distribution, etc. London
Name of publisher, distributor, etc. RICS
Date of publication, distribution, etc. 2015
300 ## - PHYSICAL DESCRIPTION
Extent 117 p.
490 #0 - SERIES STATEMENT
Series statement RICS Guidance Note
490 #0 - SERIES STATEMENT
Series statement RICS Valuation Standards
490 #0 - SERIES STATEMENT
Series statement RICS Professional Standards Global and UK
490 ## - SERIES STATEMENT
Series statement RICS Red Book
505 2# - FORMATTED CONTENTS NOTE
Formatted contents note Introduction -- RICS glossary -- RICS professional standards -- RICS global valuation practice statements -- IVSC international valuation standards (IVS) 2013 -- RICS global valuation practice guidance - applications (VPGAs) -- Overview of changes made to the 2012 global valuation standards, appendices and guidance notes -- Index -- IVSC international valuation standards (IVS) 2013
520 ## - SUMMARY, ETC.
Summary, etc. The June 2015 reprint of the global Valuation Standards incorporates the December 2013 correction, minor errata and an updated index. References only relevant to the UK portion have been removed and pages on other publications have been removed. Incorporating the IVSC International Valuation Standards. The RICS material included in this edition takes effect from 6 January 2014 and applies to all valuations where the valuation date is on or after that day. RICS also publishes a number of national standards and national guidance material.
520 ## - SUMMARY, ETC.
Summary, etc. Replaces global part of the RICS Red Book 2014 (L158006).
520 ## - SUMMARY, ETC.
Summary, etc. Superseded by RICS Valuation - Global Standards 2017 (ISBN 9781783211968)
650 24 - SUBJECT ADDED ENTRY--TOPICAL TERM
Topical term or geographic name entry element RICS VALUATION STANDARDS
651 #4 - SUBJECT ADDED ENTRY--GEOGRAPHIC NAME
Geographic name International
690 ## - LOCAL SUBJECT ADDED ENTRY--TOPICAL TERM (OCLC, RLIN)
Topical term or geographic name as entry element Valuation
9 (RLIN) 6273
856 40 - ELECTRONIC LOCATION AND ACCESS
Uniform Resource Identifier <a href="https://www.isurv.com/downloads/download/1976/red_book_uk_rics_valuation_%E2%80%93_professional_standards_january_2014_uk_revised_april_2015_archived">https://www.isurv.com/downloads/download/1976/red_book_uk_rics_valuation_%E2%80%93_professional_standards_january_2014_uk_revised_april_2015_archived</a>
Public note Archived on isurv (subscription required)
942 ## - ADDED ENTRY ELEMENTS (KOHA)
Suppress in OPAC 0
Source of classification or shelving scheme Dewey Decimal Classification
Holdings
Withdrawn status Lost status Source of classification or shelving scheme Damaged status Not for loan Home library Current library Shelving location Date acquired Total Checkouts Full call number Barcode Date last seen Copy number Price effective from Koha item type
    Dewey Decimal Classification     London London RICS Boxes 25/06/2015   RICS 2015/5 ROY 30078923 06/08/2019 1 06/08/2019 Book
    Dewey Decimal Classification     London London RICS Boxes 25/06/2015   RICS 2015/5 ROY 30078924 06/08/2019 2 06/08/2019 Reference material
    Dewey Decimal Classification     Virtual Virtual Online 25/06/2015   iSurv 158701-2001 28/04/2023 1 06/08/2019 Book